[Event "Belfort"]
[Site "Belfort"]
[Date "1995.??.??"]
[Round "2"]
[White "Renet, Olivier"]
[Black "Bologan, Viktor"]
[Result "1-0"]
[WhiteElo "2530"]
[BlackElo "2540"]

1.e4 c5 2.Nf3 d6 3.d4 cxd4 4.Nxd4 Nf6 5.Nc3 Nc6 6.Bg5 e6 7.Qd2 a6 8.O-O-O h6
9.Be3 Bd7 10.f3 b5 11.Nxc6 Bxc6 12.Kb1 Qc7 13.Bd3 Be7 14.Qf2 Nd7 15.h4 h5
16.Bg5 Nc5 17.Bxe7 Qxe7 18.Rd2 O-O 19.Ne2 e5 20.Ng3 g6 21.Nf1 f5 22.exf5 Nxd3
23.Rxd3 Rxf5 24.Qb6 Rc8 25.Ne3 Rf4 26.Rhd1 Qc7 27.Qxc7 Rxc7 28.Rxd6 Kh7 29.Re6 e4
30.fxe4 Rxe4 31.Rxe4 Bxe4 32.Rd4 Re7 33.Kc1 Re6 34.Kd2 g5 35.hxg5 Kg6 36.g3 Kxg5
37.a4 Bc6 38.a5 Be4 39.Rd8 Kf6 40.Nd5+ Ke5 41.Nf4 Rc6 42.c3 Rh6 43.Ke3 Bh1
44.Rb8 Kf5 45.Rb6 Rh7 46.Rxa6 Re7+ 47.Kf2 h4 48.Ne2 h3 49.Rh6 Bg2 50.Rh5+ Ke4
51.Rh4+ Kd3 52.Nf4+ Kd2 53.Nxg2 Re2+ 54.Kf1 hxg2+ 55.Kg1 Ke3 56.Rb4 Kf3 57.Kh2 Kf2
58.Rf4+ Ke3 59.Rb4 Kf2 60.Rf4+ Ke3 61.b4 Rf2 62.Kg1 Rc2 63.Rf5 Ke4 64.g4 Ke3
65.g5  1-0

[Event "Belfort"]
[Site "Belfort"]
[Date "1995.??.??"]
[Round "4"]
[White "Hauchard, Arnaud"]
[Black "Bologan, Viktor"]
[Result "0-1"]
[WhiteElo "2445"]
[BlackElo "2540"]

1.d4 Nf6 2.Nf3 g6 3.g3 Bg7 4.Bg2 O-O 5.O-O d6 6.c4 Nc6 7.d5 Na5 8.Nbd2 c5
9.e4 b5 10.cxb5 a6 11.bxa6 Bxa6 12.Re1 Nd7 13.Nb3 Nc4 14.Qc2 Qb6 15.Rb1 Bb5
16.Nbd2 Nce5 17.Nxe5 Nxe5 18.Re3 Rxa2 19.Ra3 Rxa3 20.bxa3 Qa6 21.Bf1 Bxf1
22.Nxf1 Nf3+  0-1

[Event "Belfort"]
[Site "Belfort"]
[Date "1995.??.??"]
[Round "6"]
[White "Apicella, Manuel"]
[Black "Bologan, Viktor"]
[Result "1-0"]
[WhiteElo "2505"]
[BlackElo "2540"]

1.e4 c5 2.Nf3 d6 3.d4 cxd4 4.Nxd4 Nf6 5.Nc3 Nc6 6.Be2 e5 7.Nf3 h6 8.h3 Be6
9.O-O Be7 10.Re1 O-O 11.Bf1 Nb8 12.b3 Nbd7 13.Bb2 a6 14.a4 Qa5 15.Na2 Qb6
16.Nd2 Rac8 17.c4 Nh7 18.Nc3 Bh4 19.Re2 Ng5 20.a5 Qa7 21.Ba3 Qd4 22.Re3 f5
23.g3 f4 24.Rd3 Qxd3 25.Bxd3 Nxh3+ 26.Kg2 fxg3 27.fxg3 Rf2+ 28.Kh1 Bxg3 29.Nf1 Bf4
30.Be2 Ng5 31.Qe1 Nh3 32.Nd1 Rxe2 33.Qxe2 Nf6 34.Nh2 g5 35.Bxd6 g4 36.Be7 Nh5
37.Nf1 Kh7 38.Nf2 Ng5 39.Nxg4 Rg8 40.Nf6+ Nxf6 41.Bxf6 Nh3 42.Nh2 Rg3 43.Rf1 Rxb3
44.Nf3 Bg4 45.Qg2 h5 46.Bxe5  1-0

[Event "Belfort"]
[Site "Belfort"]
[Date "1995.??.??"]
[Round "7"]
[White "Bologan, Viktor"]
[Black "Santo Roman, Marc"]
[Result "1/2-1/2"]
[WhiteElo "2540"]
[BlackElo "2465"]

1.e4 Nf6 2.e5 Nd5 3.d4 d6 4.Nf3 g6 5.Bc4 Nb6 6.Bb3 Bg7 7.a4 a5 8.O-O Nc6
9.Qe2 dxe5 10.dxe5 Nd4 11.Nxd4 Qxd4 12.Re1 Bg4 13.Qe3 Qxe3 14.Bxe3 Nd7 15.f4 g5
16.Nc3 gxf4 17.Bxf4 Nc5 18.Nd5 Ne6 19.Bg3 Rd8 20.c3 Bh6 21.Ne3 Bxe3+ 22.Rxe3 Rd2
23.Bxe6 Bxe6 24.b4 Bd5 25.c4 Bxg2 26.e6 axb4 27.exf7+ Kxf7 28.Rae1 Re8 29.Bxc7 e6
30.Rg3 Rg8 31.Rxg8 Kxg8 32.Ba5 Bc6 33.Bxb4 Rg2+ 34.Kf1 Rb2 35.Bd6 Kf7 36.a5 Rc2
37.c5 Ra2 38.Bc7 Kf6 39.Re5 Rc2 40.Ke1 Bd5 41.Bd6 Rb2 42.Rh5 Kg6 43.Rh3 Ra2
44.Bc7 Rc2  1/2-1/2

[Event "Belfort"]
[Site "Belfort"]
[Date "1995.??.??"]
[Round "8"]
[White "Bologan, Viktor"]
[Black "Relange, Eloi"]
[Result "1-0"]
[WhiteElo "2540"]
[BlackElo "2420"]

1.e4 c5 2.Nf3 d6 3.d4 cxd4 4.Nxd4 Nf6 5.Nc3 Nc6 6.Bg5 e6 7.Qd2 Be7 8.O-O-O Nxd4
9.Qxd4 O-O 10.Kb1 Qa5 11.Qd2 b6 12.f3 Bb7 13.Bc4 Rfd8 14.Bb3 h6 15.Be3 Nd7
16.h4 Bf6 17.Bd4 Bxd4 18.Qxd4 Ne5 19.Rd2 Qc5 20.Rhd1 Nc6 21.Qf2 Rac8 22.Qg3 Ne5
23.f4 Nc4 24.Bxc4 Qxc4 25.f5 e5 26.f6 g6 27.Qe3 Kh7 28.Rxd6 Rxd6 29.Rxd6 Qf1+
30.Qc1 Qxg2 31.Rd7 Bxe4 32.Rxf7+ Kg8 33.Rg7+ Kf8 34.Nxe4 Qxe4 35.Rh7 Kg8
36.Rh8+  1-0

[Event "Berliner Sommer"]
[Site "Berlin"]
[Date "1995.??.??"]
[Round "2"]
[White "Michalczak, Thomas"]
[Black "Bologan, Viktor"]
[Result "0-1"]
[WhiteElo "2290"]
[BlackElo "2530"]

1.e4 g6 2.d4 Bg7 3.Nc3 c6 4.f3 d5 5.Be3 Qb6 6.Qd2 Qxb2 7.Rb1 Qa3 8.exd5 Nf6
9.dxc6 bxc6 10.Bc4 O-O 11.Nge2 Nbd7 12.O-O Nb6 13.Bb3 Ba6 14.Bh6 c5 15.Bxg7 Kxg7
16.dxc5 Qxc5+ 17.Kh1 Rac8 18.Rfd1 Rc7 19.Na4 Nxa4 20.Bxa4 Qc4 21.Qa5 Rc5  0-1

[Event "Berliner Sommer"]
[Site "Berlin"]
[Date "1995.??.??"]
[Round "4"]
[White "Ganaus, Hannes"]
[Black "Bologan, Viktor"]
[Result "0-1"]
[WhiteElo "2235"]
[BlackElo "2530"]

1.e4 g6 2.d4 Bg7 3.Nf3 d6 4.c3 Nf6 5.Nbd2 O-O 6.Be2 c5 7.O-O cxd4 8.cxd4 Nc6
9.d5 Nb8 10.Re1 Nbd7 11.Rb1 Nc5 12.Bf1 a5 13.b3 Bd7 14.Bb2 b5 15.h3 Qb6 16.Qe2 Bh6
17.g4 Bg7 18.Qe3 Rfe8 19.Nd4 e5 20.dxe6 fxe6 21.Bg2 e5 22.Ne2 Rf8 23.Bf3 Rf7
24.Nc3 b4 25.Nd1 Raf8 26.Rc1 h5 27.Be2 Qd8 28.f3 Nh7 29.Rxc5 dxc5 30.Bc4 Qh4
31.Kg2 Ng5 32.Bxf7+ Rxf7 33.Nf2 Bh6 34.Qe2 Nxh3 35.Nxh3 hxg4 36.Ng1 Bxd2  0-1

[Event "Berliner Sommer"]
[Site "Berlin"]
[Date "1995.??.??"]
[Round "6"]
[White "Rogozenko, Dorin"]
[Black "Bologan, Viktor"]
[Result "1/2-1/2"]
[WhiteElo "2440"]
[BlackElo "2530"]

1.d4 Nf6 2.c4 g6 3.Nc3 Bg7 4.g3 d5 5.cxd5 Nxd5 6.Bg2 Nxc3 7.bxc3 c5 8.e3 O-O
9.Ne2 Nd7 10.O-O Rb8 11.a4 b6 12.a5 bxa5 13.Qa4 Ba6 14.Re1 e5 15.Bc6 exd4
16.Bxd7 d3 17.Nf4 Bxc3 18.Ba3 Qg5 19.e4 Qe5 20.Rab1 Bxe1 21.Rxe1 Rfd8 22.Rd1 Bb7
23.f3 c4 24.Kg2 Qc7 25.Bb5 Rbc8 26.Nd5 Bxd5 27.exd5 Rxd5 28.Ba6 c3 29.Bxc8 Qxc8
30.Qb3 c2 31.Rxd3 Rxd3 32.Qxd3 c1=Q 33.Bxc1 Qxc1 34.Qd8+ Kg7 35.Qd4+ Kh6
36.Qh4+ Kg7 37.Qd4+  1/2-1/2

[Event "Berliner Sommer"]
[Site "Berlin"]
[Date "1995.??.??"]
[Round "8"]
[White "Bologan, Viktor"]
[Black "Nikolenko, Oleg"]
[Result "1/2-1/2"]
[WhiteElo "2530"]
[BlackElo "2475"]

1.e4 e6 2.d4 d5 3.Nc3 Nf6 4.e5 Nfd7 5.Nce2 c5 6.c3 Nc6 7.Nf3 cxd4 8.cxd4 f6
9.exf6 Nxf6 10.g3 Bb4+ 11.Bd2 Bxd2+ 12.Qxd2 Ne4 13.Qe3 O-O 14.Nc3 Qb6 15.O-O-O Nxc3  1/2-1/2

[Event "Berliner Sommer"]
[Site "Berlin"]
[Date "1995.??.??"]
[Round "9"]
[White "Milov, Leonid"]
[Black "Bologan, Viktor"]
[Result "1-0"]
[WhiteElo "2480"]
[BlackElo "2530"]

1.Nf3 d6 2.d4 g6 3.g3 Bg7 4.Bg2 Nf6 5.O-O O-O 6.c4 Nc6 7.Nc3 a6 8.b3 Rb8
9.Bb2 b5 10.cxb5 axb5 11.d5 Na5 12.Nd4 b4 13.Na4 Bb7 14.e4 Nd7 15.Qc2 Ba6
16.Rfd1 Bb5 17.Nxb5 Rxb5 18.Bxg7 Kxg7 19.Bf1 Rb7 20.Rac1 Qb8 21.Bh3 Nf6 22.Qb2 Kg8
23.e5 Nh5 24.Qd4 Ra7 25.Re1 Ng7 26.Qh4 Qb5 27.Qxe7 Re8 28.Qd7 Qxd7 29.Bxd7 Rxe5
30.Rxe5 dxe5 31.d6 c6 32.Nc5 Ra8 33.Re1 Rd8 34.Rxe5 Kf8 35.Re4 Rb8 36.Bh3 f5
37.Re7 Rd8 38.Rxg7  1-0

[Event "Biel op"]
[Site "Biel"]
[Date "1995.??.??"]
[Round "1"]
[White "Bologan, Viktor"]
[Black "Koeller, Oliver"]
[Result "1-0"]
[WhiteElo "2530"]
[BlackElo "2285"]

1.e4 d6 2.d4 Nf6 3.Nc3 g6 4.f4 Bg7 5.Nf3 O-O 6.Be3 b6 7.Bd3 Bb7 8.Qe2 c5
9.O-O-O c4 10.Bxc4 Nxe4 11.Nxe4 Bxe4 12.Ng5 Bb7 13.f5 Nd7 14.fxg6 hxg6 15.Qg4 Nf6
16.Qh4 Qc8 17.Be2 Qc7 18.Rhg1 Rfc8 19.Rd2 b5 20.Bd3 Qa5 21.Rf2 Qxa2 22.Rxf6 exf6
23.Qh7+ Kf8 24.Nxf7 Qxf7 25.Bxg6 Qc7 26.Rf1 Bd5 27.Bg5 Bg8 28.Qh4 Ke7 29.Bxf6+ Bxf6
30.Rxf6 Kd7 31.Be4 Re8 32.Qg4+ Kd8 33.Bxa8 Qe7 34.Rf1 Qe3+ 35.Kb1 Qe1+ 36.Qd1 Qe6
37.d5 Qh6 38.Bc6 Re7 39.Bxb5 Qg7 40.Bc6 Kc7 41.Qd2 Bh7 42.Qf2 Kd8 43.Qf8+ Qxf8
44.Rxf8+ Kc7 45.Kc1  1-0

[Event "Biel op"]
[Site "Biel"]
[Date "1995.??.??"]
[Round "2"]
[White "Kamber, Bruno"]
[Black "Bologan, Viktor"]
[Result "0-1"]
[WhiteElo "2375"]
[BlackElo "2530"]

1.e4 g6 2.d4 Bg7 3.Nc3 c6 4.Bf4 Qb6 5.e5 Qxb2 6.Na4 Qa3 7.c4 b5 8.cxb5 cxb5
9.Nc5 Qc3+ 10.Bd2 Qxd4 11.Nf3 Qd5 12.Bxb5 Bxe5 13.Rc1 Nc6 14.O-O Bd6 15.Bc4 Qxc5
16.Bxf7+ Kxf7 17.Rxc5 Bxc5 18.Ng5+ Ke8 19.Qb3 Nf6 20.Qf7+ Kd8 21.Qc4 d6 22.Nf7+ Kc7
23.Nxh8 a5 24.Qa4 Be6 25.Rb1 Ng4 26.Be1 Nge5 27.Rc1 Rxh8 28.Bxa5+ Kd7 29.Bc3 Nd3
30.Bxh8 Nxc1 31.Qc2 Nxa2 32.h4 Nab4 33.Qd1 h5 34.Bg7 Bf5 35.Qe2 Nd3 36.Qa2 Bxf2+
37.Kh2 Bxh4 38.Qa6 Nc5 39.Qc4 Bg5 40.Bc3 Be3  0-1

[Event "Biel op"]
[Site "Biel"]
[Date "1995.??.??"]
[Round "3"]
[White "Gheorghiu, Florin"]
[Black "Bologan, Viktor"]
[Result "1/2-1/2"]
[WhiteElo "2475"]
[BlackElo "2530"]

1.d4 Nf6 2.c4 c5 3.Nf3 cxd4 4.Nxd4 e5 5.Nc2 d5 6.cxd5 Qxd5 7.Qxd5 Nxd5 8.g3 Nc6
9.Bg2 Be6 10.O-O O-O-O 11.Bd2 Nb6 12.Rc1 Bd5 13.Be3 Bxg2 14.Bxb6 axb6 15.Kxg2 Bc5
16.b4 Be7 17.a3 Bg5 18.e3 e4 19.Nc3 Bf6 20.Nd4 Kb8 21.Nxe4 Bxd4 22.exd4 Rhe8
23.Nc3 Rxd4  1/2-1/2

[Event "Biel op"]
[Site "Biel"]
[Date "1995.??.??"]
[Round "4"]
[White "Bologan, Viktor"]
[Black "Razuvaev, Yuri S"]
[Result "0-1"]
[WhiteElo "2530"]
[BlackElo "2585"]

1.e4 c6 2.d4 d5 3.e5 Bf5 4.Nf3 e6 5.Be2 c5 6.Be3 Ne7 7.O-O Nd7 8.c4 dxc4
9.Bxc4 a6 10.Nc3 Nc6 11.d5 Ncxe5 12.Nxe5 Nxe5 13.Qa4+ Nd7 14.dxe6 fxe6 15.Rad1 b5
16.Nxb5 axb5 17.Qxb5 Ra7 18.Rd2 Qb6 19.Rfd1 Qxb5 20.Bxb5 e5 21.b4 Rb7 22.Bc6 Rc7
23.b5 c4 24.Rd5 Be6 25.Bxd7+ Rxd7 26.Rxd7 Bxd7 27.b6 Bc8 28.Rd5 Bb7 29.Ra5 Kd7
30.Ra7 Kc6 31.Ra4 Bd6 32.Rxc4+ Kd5 33.Rg4 g6 34.h4 Bc8 35.Ra4 Bd7 36.Ra7 Kc6
37.Ra4 Bb8 38.h5 gxh5 39.Rh4 Be8 40.a4 Kb7 41.a5 Ka6 42.Rb4 Kxa5 43.Bd2 Ka6
44.b7 Bc6 45.Be3 Bc7  0-1

[Event "Biel op"]
[Site "Biel"]
[Date "1995.??.??"]
[Round "5"]
[White "Touzane, Olivier"]
[Black "Bologan, Viktor"]
[Result "0-1"]
[WhiteElo "2250"]
[BlackElo "2530"]

1.d4 d6 2.Nf3 g6 3.c4 f5 4.Nc3 Nf6 5.g3 Bg7 6.Bg2 O-O 7.O-O c6 8.d5 e5 9.dxe6 Bxe6
10.Bf4 Bxc4 11.Bxd6 Re8 12.Ne5 Be6 13.Nf3 Nbd7 14.Qc2 Nd5 15.Nxd5 Bxd5 16.Nh4 Nf6
17.Bxd5+ Nxd5 18.Bc5 Qf6 19.e3 Re4 20.Bd4 Qe7 21.Nf3 Bxd4 22.Nxd4 f4 23.gxf4 Nxf4
24.Ne2 Nd5 25.Ng3 Rh4 26.e4 Nf4 27.Qb3+ Kg7 28.Rad1 Rf8 29.Rd2 Kh6 30.Qa3 Qxa3
31.bxa3 Ne6 32.Rd6 Re8 33.Re1 Rf4 34.Rd7 Nc5 35.Rc7 Ref8 36.Rc1 Nd3 37.Rc3 Nxf2
38.Rxb7 Kg5 39.Rxh7 Kg4 40.Ne2 Nh3+  0-1

[Event "Biel op"]
[Site "Biel"]
[Date "1995.??.??"]
[Round "6"]
[White "Bologan, Viktor"]
[Black "Kurz, Eugen"]
[Result "1-0"]
[WhiteElo "2530"]
[BlackElo "2345"]

1.e4 c5 2.Nf3 e6 3.d3 Nc6 4.g3 Nge7 5.Bg2 g6 6.O-O Bg7 7.c3 O-O 8.d4 cxd4
9.cxd4 d5 10.e5 b5 11.Nbd2 a5 12.Nb3 a4 13.Nc5 Qb6 14.Bf4 f6 15.Re1 Nf5 16.exf6 Rxf6
17.Rc1 h6 18.Ne5 Nxe5 19.Bxe5 Rf8 20.Rc2 Ra7 21.Rce2 Kh7 22.Bh3 Bf6 23.Bxf6 Rxf6
24.Qd2 b4 25.Bxf5 gxf5 26.Qf4 a3 27.Rb1 Ba6 28.Rd2 Bc8 29.bxa3 Rxa3 30.Rdb2 Qa7
31.Rxb4 Rf7 32.Rb6 Qc7 33.Qxc7 Rxc7 34.Nxe6 Rc2 35.Nf4 Raxa2 36.Re1 Ra6 37.Rb8 Kg7
38.Nxd5 Rd6 39.Ne7  1-0

[Event "Biel op"]
[Site "Biel"]
[Date "1995.??.??"]
[Round "7"]
[White "Chernin, Alexander"]
[Black "Bologan, Viktor"]
[Result "1/2-1/2"]
[WhiteElo "2600"]
[BlackElo "2530"]

1.d4 d6 2.e4 Nf6 3.Nd2 g6 4.Ngf3 Bg7 5.c3 O-O 6.Bd3 c5 7.O-O cxd4 8.cxd4 Nc6
9.h3 e5 10.d5 Nb4 11.Bb1 a5 12.Re1 Nh5 13.Nf1 Nf4 14.a3 Na6 15.Bc2 Re8 16.Ng3 Bd7
17.Ne2 Qf6 18.Nxf4 exf4 19.Bd2 Qxb2 20.Rb1 Qxa3 21.Rb3 Qc5 22.Rxb7 Rec8 23.Ba4 Bxa4
24.Qxa4 Qc4 25.Qd7 Rc7 26.Rxc7 Qxc7 27.Qb5 Nc5 28.Bxf4 a4 29.e5 Qb8 30.Qxb8+ Rxb8
31.exd6 Ra8 32.Re2 a3 33.Ra2 Nd3 34.Bg5 Bb2 35.Kf1 f6 36.Bd2 Kf7 37.Ke2 Nc5
38.Ne1 Re8+ 39.Kd1 Ne4 40.Bc1 Rb8 41.Kc2 Rc8+  1/2-1/2

[Event "Biel op"]
[Site "Biel"]
[Date "1995.??.??"]
[Round "8"]
[White "Bologan, Viktor"]
[Black "Tukmakov, Vladimir B"]
[Result "1/2-1/2"]
[WhiteElo "2530"]
[BlackElo "2600"]

1.e4 e6 2.d4 d5 3.Nc3 Nf6 4.Bg5 dxe4 5.Nxe4 Be7 6.Bxf6 gxf6 7.Nf3 b6 8.Bd3 Bb7
9.Qe2 Qd5 10.O-O Nd7 11.Rfe1 O-O-O 12.c4 Qh5 13.Ng3 Qg4 14.c5 Bxf3 15.gxf3 Qxd4
16.Rad1 Qxc5 17.Qe4 Kb8 18.Rc1 Qb4 19.Qc6 Qd6 20.Qc2 Nc5 21.Red1 Qf4 22.Bf1 Rxd1
23.Rxd1 h5 24.Ne2 Rg8+ 25.Bg2 Qg5 26.Ng3 h4 27.b4 hxg3 28.hxg3 Na6 29.f4 Qb5
30.Qe4 c6 31.Rd7 f5 32.a4 fxe4 33.axb5 Bxb4 34.bxa6 f5 35.Rb7+ Ka8 36.Rc7 Kb8
37.Rxc6 Rc8 38.Rxe6 Rc2 39.g4 Bc5 40.gxf5 Rxf2 41.Kh2 e3 42.Kg3 Rd2 43.Bf3 Rd6
44.Re7 b5 45.Rb7+ Kc8 46.Rxb5 Bd4  1/2-1/2

[Event "Biel op"]
[Site "Biel"]
[Date "1995.??.??"]
[Round "9"]
[White "Avrukh, Boris"]
[Black "Bologan, Viktor"]
[Result "1-0"]
[WhiteElo "2430"]
[BlackElo "2530"]

1.d4 Nf6 2.c4 c5 3.d5 b5 4.cxb5 a6 5.f3 axb5 6.e4 Qa5+ 7.Bd2 b4 8.Na3 d6
9.Nc4 Qd8 10.Bd3 e6 11.dxe6 Bxe6 12.Ne2 Be7 13.O-O O-O 14.a4 Nc6 15.Nf4 Bc8
16.Ne3 Nd7 17.Bb5 Nd4 18.Bxd7 Bxd7 19.Bxb4 Qe8 20.Nfd5 Bd8 21.Bc3 Bxa4 22.Qe1 Bc6
23.Rd1 f5 24.Bxd4 cxd4 25.Rxd4 fxe4 26.Rxe4 Qd7 27.Qc3 Kh8 28.Rc1 Bb7 29.Qd4 Rc8
30.Rxc8 Qxc8 31.h4 Qc5 32.b4 Qxd4 33.Rxd4 Kg8 34.b5 Kf7 35.Nc4 Ke6 36.Nf4+ Ke7
37.Kh1 Rf6 38.Kh2 Rh6 39.h5 g5 40.Ne3 Bc8 41.Nfd5+ Kd7 42.g4 Re6 43.Kg3 Bb7
44.Nc4 Re1 45.Nde3 Bc7 46.Kf2 Ra1 47.Nd5 Bb8 48.Nf6+ Ke7 49.Nxh7 Ra4 50.Ne3 Ra2+
51.Kf1 Bxf3 52.Nf5+ Kd7 53.Nxg5 Be2+ 54.Ke1 Bxb5 55.Rb4 Re2+ 56.Kd1 Re5 57.h6 Be2+
58.Kd2 Bxg4 59.h7 Re2+ 60.Kd3 Re8 61.Rxg4 d5 62.Nf7 Ke6 63.Rg8  1-0

[Event "Biel op"]
[Site "Biel"]
[Date "1995.??.??"]
[Round "11"]
[White "Wirthensohn, Heinz"]
[Black "Bologan, Viktor"]
[Result "0-1"]
[WhiteElo "2385"]
[BlackElo "2530"]

1.d4 g6 2.e4 Bg7 3.Nf3 d6 4.Nc3 c6 5.a4 Nf6 6.Be2 O-O 7.O-O Na6 8.h3 b6 9.e5 Ne8
10.Bf4 Nb4 11.Qd2 Bf5 12.Rac1 Nc7 13.exd6 exd6 14.g4 Bc8 15.Ne4 f5 16.Bg5 Qd7
17.gxf5 Nbd5 18.Ng3 Qf7 19.Nh4 Bxf5 20.Nhxf5 gxf5 21.Bf3 Ne6 22.Bh5 Qd7 23.c4 f4
24.Ne4 Nxg5 25.Nxg5 Nf6 26.Qd3 Bh6 27.Bf7+ Kh8 28.Be6 Qe7 29.Nf7+ Rxf7 30.Bxf7 Qxf7
31.Qf3 d5 32.cxd5 cxd5 33.Kh2 Ne4 34.Qg4 f3 35.Rc8+ Rxc8 36.Qxc8+ Qg8 37.Qxg8+ Kxg8
38.Kg1 Kf7 39.Rd1 Bd2 40.Ra1 Ke6 41.Ra3 Bc1 42.Rb3 h6 43.a5 bxa5 44.Rb5 a4
45.Rb7 a5 46.Rb6+ Nd6 47.Kh2 Bf4+ 48.Kg1 Kf5  0-1

[Event "Moscow2"]
[Site "Moscow"]
[Date "1995.??.??"]
[Round "?"]
[White "Bologan, Viktor"]
[Black "Geller, Efim P"]
[Result "1-0"]
[WhiteElo "2540"]
[BlackElo "2465"]

1.e4 e5 2.Nf3 Nc6 3.Bc4 Nf6 4.d3 Be7 5.O-O O-O 6.Bb3 d6 7.c3 Bg4 8.h3 Bh5
9.Re1 Nd7 10.Be3 Nc5 11.Bxc5 dxc5 12.Bd5 Bd6 13.Bxc6 bxc6 14.Nbd2 Re8 15.Qa4 Bf8
16.Re3 Re6 17.Nc4 f6 18.Nfd2 Bf7 19.Nb3 Qb8 20.Nbd2 a5 21.Ree1 Qb5 22.Qc2 a4
23.Reb1 Ree8 24.b3 axb3 25.Rxb3 Qa4 26.Qc1 Qa6 27.Ra3 Qc8 28.Rxa8 Qxa8 29.Rb1 Rd8
30.Qc2 Qa6 31.Rb3 g6 32.Ra3 Qc8 33.Kf1 Qd7 34.Ke2 Bh6 35.Ra5 Qe7 36.Qa4 Qd7
37.Nb2 Bxd2 38.Kxd2  1-0

[Event "Moscow2"]
[Site "Moscow"]
[Date "1995.??.??"]
[Round "?"]
[White "Bologan, Viktor"]
[Black "Razuvaev, Yuri S"]
[Result "1/2-1/2"]
[WhiteElo "2540"]
[BlackElo "2580"]

1.e4 c6 2.d4 d5 3.Nd2 dxe4 4.Nxe4 Nd7 5.Nf3 Ngf6 6.Ng3 c5 7.Bc4 b5 8.Be2 e6
9.O-O a6 10.c3 Bb7 11.a4 b4 12.c4 cxd4 13.Nxd4 Bc5 14.Bf3 Bxf3 15.Nxf3 Qc7
16.Qe2 O-O 17.b3 Rfe8 18.Bb2 e5 19.Ne4 Nxe4 20.Qxe4 Bf8 21.Ng5 Nf6 22.Qc2 h6
23.Ne4 Nd5 24.Rad1 Rad8 25.Rd2 Nf4 26.Rxd8 Rxd8 27.Rd1 f5 28.Ng3 Qc6 29.f3 Qc5+
30.Kf1 Rxd1+ 31.Qxd1 g6 32.Ne2 Ne6 33.Nc1 e4 34.Qe1 Qd6 35.fxe4 Qf4+ 36.Ke2 Qxh2
37.exf5 Qxg2+ 38.Qf2 Qe4+ 39.Kd2 gxf5 40.Nd3 Be7 41.Qe2 Bg5+ 42.Kd1 a5 43.Qxe4 fxe4
44.Nf2 Nc5 45.Bd4 Nxb3 46.Bb6 Nd2 47.Bxa5 Nxc4  1/2-1/2

[Event "Moscow2"]
[Site "Moscow"]
[Date "1995.??.??"]
[Round "?"]
[White "Bologan, Viktor"]
[Black "Serper, Grigory"]
[Result "1/2-1/2"]
[WhiteElo "2540"]
[BlackElo "2585"]

1.e4 c5 2.Nf3 d6 3.d4 cxd4 4.Nxd4 Nf6 5.Nc3 Nc6 6.Bg5 e6 7.Qd2 a6 8.O-O-O h6
9.Be3 Be7 10.f3 Nxd4 11.Qxd4 b5 12.e5 dxe5 13.Qxe5 Bd7 14.Ne4 Nxe4 15.Qxe4 Rc8
16.Qb7  1/2-1/2

[Event "Moscow2"]
[Site "Moscow"]
[Date "1995.??.??"]
[Round "?"]
[White "Bologan, Viktor"]
[Black "Sveshnikov, Evgeny"]
[Result "1/2-1/2"]
[WhiteElo "2540"]
[BlackElo "2560"]

1.e4 c5 2.Nf3 Nc6 3.Bb5 e6 4.Bxc6 bxc6 5.d3 Ne7 6.Nh4 Ng6 7.Nxg6 hxg6 8.Qe2 e5
9.c4 d6 10.Nc3 Be7 11.Be3 Bg5 12.O-O-O Bxe3+ 13.Qxe3 g5 14.f3 Qf6 15.h3 Qf4
16.Rhe1 Be6 17.Kc2 Qxe3 18.Rxe3 Ke7 19.a3 Rab8 20.Rb1 a5 21.Ree1 Rb7 22.b3 g6
23.Nd1 f5 24.Ne3 Kf6 25.Rec1 Rhb8 26.Rb2 Rd8  1/2-1/2

[Event "Moscow2"]
[Site "Moscow"]
[Date "1995.??.??"]
[Round "?"]
[White "Tseshkovsky, Vitaly"]
[Black "Bologan, Viktor"]
[Result "0-1"]
[WhiteElo "2530"]
[BlackElo "2540"]

1.e4 c5 2.Nf3 e6 3.d4 cxd4 4.Nxd4 a6 5.Nc3 b5 6.Bd3 d6 7.O-O Nf6 8.b4 Be7
9.a4 bxa4 10.Nxa4 O-O 11.Bb2 e5 12.Nb3 Nc6 13.Ba3 Be6 14.c4 Nd7 15.Nc3 Qb6
16.Qd2 Nd4 17.Nxd4 exd4 18.Nd5 Bxd5 19.exd5 a5 20.Rae1 Qd8 21.bxa5 Rxa5 22.Bb4 Ra7
23.Bc2 Nc5 24.Qxd4 Bf6 25.Qd2 g6 26.Bc3 Ra3 27.Bb4 Ra2 28.g3 Qb6 29.Rb1 Re8
30.Bc3 Qd8 31.Rfe1 Ne4 32.Bxf6 Nxd2 33.Bxd8 Rxd8 34.Rbc1 Nf3+ 35.Kf1 Nxe1
36.Kxe1 Rc8 37.Bd3 Kg7 38.h4 Kf6 39.Kf1 Rd2 40.Be2 Rxd5 41.Rb1 Rd2 42.Ke1 Rc2
43.Rb6 Ke7 44.Bd3 Ra2 45.Rb5 Rc7 46.Rb1 Rca7 47.Rb6 Ra1+ 48.Kd2 R7a2+  0-1

[Event "Moscow op2"]
[Site "Moscow"]
[Date "1995.??.??"]
[Round "4"]
[White "Bologan, Viktor"]
[Black "Yanvarjov, Igor"]
[Result "1-0"]
[WhiteElo "2530"]
[BlackElo "2425"]

1.e4 e5 2.Nf3 d6 3.d4 Nf6 4.Nc3 Nbd7 5.Bc4 exd4 6.Nxd4 g6 7.O-O Bg7 8.Re1 O-O
9.Bf4 Ne5 10.Be2 Re8 11.Qd2 Nc6 12.Nxc6 bxc6 13.e5 Nd5 14.Bg5 f6 15.exf6 Nxf6
16.Bf3 Bd7 17.Nd5 Rb8 18.Nb4 c5 19.Nc6 Bxc6 20.Bxc6 Rxe1+ 21.Rxe1 Qf8 22.b3 h6
23.Be3 Ng4 24.Bf4 Ne5 25.Be4 g5 26.Bg3 Rb4 27.c4 Bf6 28.h3 a5 29.f4 gxf4
30.Bxf4 Bg7 31.Rf1 Qf6 32.Qd5+ Nf7 33.Bd2 c6 34.Qxc6 Qd4+ 35.Kh1 Rb8 36.Bd5  1-0

[Event "Moscow op2"]
[Site "Moscow"]
[Date "1995.??.??"]
[Round "5"]
[White "Bologan, Viktor"]
[Black "Danielian, Oganes"]
[Result "1-0"]
[WhiteElo "2530"]
[BlackElo "2450"]

1.e4 e6 2.d3 d5 3.Nd2 Nc6 4.Ngf3 Nf6 5.c3 Bd6 6.g3 O-O 7.Bg2 dxe4 8.dxe4 a5
9.O-O e5 10.Qc2 b6 11.Rd1 Ba6 12.Nf1 Qc8 13.Nh4 Bc5 14.Ne3 Ne7 15.b4 axb4
16.cxb4 Bd4 17.Bb2 c5 18.a4 Nc6 19.b5 Nb4 20.Qe2 Bb7 21.Nhf5 Qe6 22.Bxd4 exd4
23.Nxd4 cxd4 24.Rxd4 Nc6 25.bxc6 Bxc6 26.Qc4 Nd7 27.Nf5 Qf6 28.Qxc6  1-0

[Event "Moscow op2"]
[Site "Moscow"]
[Date "1995.??.??"]
[Round "6"]
[White "Gorelov, Sergey G"]
[Black "Bologan, Viktor"]
[Result "1/2-1/2"]
[WhiteElo "2495"]
[BlackElo "2535"]

1.Nf3 Nf6 2.c4 g6 3.d4 Bg7 4.g3 O-O 5.Bg2 d6 6.O-O Nc6 7.Nc3 a6 8.b3 Rb8
9.Nd5 Nh5 10.Bb2 b5 11.cxb5 axb5 12.Rc1 Bd7 13.e4 e6 14.Ne3 Ne7 15.e5 f5
16.d5 f4 17.dxe6 Bxe6 18.Ng5 Bc8 19.Nd5 c6 20.exd6 Nf5 21.Bxg7 Nhxg7 22.Ne7+ Nxe7
23.dxe7 Qxe7 24.Ne4 Bf5 25.Re1 Qa7 26.Qc2 fxg3 27.hxg3 Rbe8 28.a4 bxa4 29.bxa4 Re6
30.Re3 Bxe4 31.Rxe4 Ref6 32.Re2 Nf5 33.Qc5 Qxa4 34.Bxc6  1/2-1/2

[Event "Moscow PCA-Intel qual"]
[Site "Moscow"]
[Date "1995.??.??"]
[Round "7"]
[White "Bologan, Viktor"]
[Black "Dolmatov, Sergey"]
[Result "0-1"]
[WhiteElo "2540"]
[BlackElo "2605"]

1.e4 e6 2.d4 d5 3.Nc3 Nf6 4.e5 Nfd7 5.Nce2 c5 6.c3 Qb6 7.Nf3 f6 8.exf6 Nxf6
9.g3 cxd4 10.cxd4 Ne4 11.Bg2 Bb4+ 12.Bd2 Nxd2 13.Nxd2 O-O 14.O-O Nc6 15.Nf3 Bd6
16.Qd3 h6 17.a3 Bd7 18.b4 a6 19.Rfe1 Rf6 20.Nd2 Be8 21.Nb3 Bg6 22.Qe3 a5
23.Nc5 Bxc5 24.dxc5 Qc7 25.b5 Ne7 26.Nf4 Nf5 27.Qd2 Bf7 28.Rac1 g5 29.Nd3 Be8
30.Qb2 Qg7 31.Ne5 Rc8 32.a4 Qf8 33.Qc3 b6 34.c6 Rc7 35.Bh3 h5 36.Bxf5 Rxf5
37.Qe3 Qg7 38.Re2 h4 39.Rce1 hxg3 40.fxg3 Bh5 41.g4 Rxe5 42.Qxe5 Bxg4 43.Rg2 Bf5
44.Qd6 Kh7 45.Qe5 Qxe5 46.Rxe5 Kg6 47.Rge2 Kf6 48.Kf2 g4 49.Kg3 Rh7 50.Kg2 Rc7
51.Kg3 Rh7 52.Kg2  0-1

[Event "Moscow op2"]
[Site "Moscow"]
[Date "1995.??.??"]
[Round "8"]
[White "Vlassov, Nikolai"]
[Black "Bologan, Viktor"]
[Result "1/2-1/2"]
[WhiteElo "2445"]
[BlackElo "2530"]

1.e4 c6 2.d4 d5 3.e5 Bf5 4.Nc3 Qa5 5.Ne2 e6 6.Ng3 Bg6 7.h4 h5 8.a3 Nd7 9.Be3 a6
10.b4 Qc7 11.Nce2 f6 12.Nf4 Bf7 13.exf6 gxf6 14.Bd3 O-O-O 15.Nfxh5 Bd6 16.c4 dxc4
17.Bxc4 Ne7 18.Qd3 Nb6 19.Bb3 Ned5 20.Nxf6 Nxe3 21.Qxe3 Bf4 22.Qf3 Rxd4 23.O-O Rxh4
24.Rad1 Qd8 25.Rxd4 Qxd4 26.Nfe4 Qh8 27.Re1 Nd5 28.Bxd5 cxd5 29.Ng5 Bxg3
30.fxg3 Rh1+ 31.Kf2 Rxe1 32.Kxe1 Qe5+ 33.Kf2 Qxg5 34.Qxf7 Qd2+ 35.Kf3 Qd3+
36.Kf2 Qd4+ 37.Kf1 Qc4+ 38.Kf2 d4 39.g4 Qa2+ 40.Kg1 Qd5 41.Qf3 Qc6 42.Qf8+ Kc7
43.Qe7+ Qd7 44.Qc5+ Kb8 45.Qe5+ Ka8 46.Kf2 d3 47.Ke1 d2+ 48.Kd1 Qd3 49.Qe2 Qxa3
50.Qxd2 e5 51.g5 Qg3 52.Qd8+ Ka7 53.Qf6 Qd3+ 54.Ke1 e4 55.Qf5 Qb1+ 56.Ke2 Qd3+
57.Ke1 Qb1+ 58.Ke2 Qd3+  1/2-1/2

[Event "Nikolaev zt"]
[Site "Nikolaev"]
[Date "1995.??.??"]
[Round "1"]
[White "Zulfugarli, Magomed"]
[Black "Bologan, Viktor"]
[Result "1-0"]
[WhiteElo "2400"]
[BlackElo "2540"]

1.e4 g6 2.d4 Bg7 3.Nc3 c6 4.Bc4 d6 5.Qf3 e6 6.Nge2 b5 7.Bb3 a5 8.a3 Ba6 9.d5 cxd5
10.exd5 e5 11.Ne4 h6 12.g4 Nf6 13.N2g3 Nxe4 14.Nxe4 O-O 15.Qh3 Nd7 16.Bxh6 Nc5
17.Ng5 Bf6 18.Bg7  1-0

[Event "Nikolaev zt"]
[Site "Nikolaev"]
[Date "1995.??.??"]
[Round "2"]
[White "Bologan, Viktor"]
[Black "Vartapetyan, Armen"]
[Result "1-0"]
[WhiteElo "2540"]
[BlackElo "2375"]

1.e4 e6 2.d4 d5 3.Nc3 Nf6 4.Bg5 Be7 5.e5 Nfd7 6.Bxe7 Qxe7 7.f4 O-O 8.Nf3 c5
9.Qd2 Nc6 10.dxc5 Nxc5 11.Bd3 f5 12.exf6 Qxf6 13.g3 Nxd3+ 14.Qxd3 Bd7 15.Ng5 g6
16.O-O-O h6 17.Nf3 g5 18.fxg5 hxg5 19.h4 g4 20.Ng5 Qf5 21.Qxf5 Rxf5 22.Ne2 Rc8
23.Nf4 Nb4 24.c3 e5 25.Ng6 Nc6 26.Rxd5 Be8 27.Nf4 Ne7 28.Nge6 exf4 29.Rd4 Nc6
30.Rxf4 Rxf4 31.Nxf4 Bf7 32.Re1 Kg7 33.b3 a5 34.Re4 Kf6 35.Nd3 Bg6 36.Rf4+ Ke7
37.Nf2 Ne5 38.Kb2 Rf8 39.Rxf8 Kxf8 40.c4 Nd3+ 41.Nxd3 Bxd3 42.Kc3 Bb1 43.c5 Ke7
44.a3 Bg6 45.Kc4 Ke6 46.b4 a4 47.Kd4 Be8 48.Ke4 Bc6+ 49.Kf4 Kd5 50.h5 Ke6
51.Kxg4 Kf6 52.Kf4 Bb5 53.g4 Be8 54.g5+ Kg7 55.h6+ Kg6 56.Ke5 Bc6 57.Kd6 Be4
58.b5 Kxg5 59.Ke5 Bd3 60.b6  1-0